Katrina afectó a los pobres /

Đã lưu trong:
Chi tiết về thư mục
Tác giả chính: Alston, Ashanti
Định dạng: Texto
Các nhãn: Thêm thẻ
Không có thẻ, Là người đầu tiên thẻ bản ghi này!

MARC

LEADER 00000 a a2200000 04500
001 44053
003
040
100 |a Alston, Ashanti  
245 |a Katrina afectó a los pobres /  |c Ashanti Alston  
773 |g número49 ( , 2008), páginas 21-28  
999 |c 31526  |d 31526